000 00356nam a22001337a 4500
020 _qPB.
040 _cFIZZA ISHAQ
082 _a940.28
_bRIC
100 _aRich, Norman.
_9133834
245 _aThe age of nationalism and reform, 1850-1890 /
_cNorman Rich.
260 _a New York:
_bNorton,
_c1970.
300 _a212 P. ;
_c8 X 5.5 inches
942 _2ddc
_cBK
999 _c616809
_d616809